Statistics for MCU Characters by Screen Time

Click here to take the quiz!

General Stats

  • This quiz has been taken 89 times
  • The average score is 8 of 10

Answer Stats

Screen TimeAnswer% Correct
5 hours, 58 min.Tony Stark (Iron Man)
100%
4 hours, 3 min.Steve Rodgers (Captain America)
99%
3 hours, 23 min.Thor
99%
1 hour, 50 min.Natasha Romanoff (Black Widow)
96%
2 hours, 21 min.Bruce Banner (Hulk)
94%
2 hours, 43 min.Peter Parker (Spider-Man)
81%
1 hour, 30 min.Doctor Stephen Strange
65%
1 hour, 36 min.Peter Quill (Star-Lord)
62%
1 hour, 52 min.Scott Lang (Ant-Man)
58%
1 hour, 20 min.Gamora
55%

Score Distribution

Percentile by Number Answered

Percent of People with Each Score

Your Score History

You have not taken this quiz